000 01276nam a22002297a 4500
003 AM-YEHGA
005 20250617164817.0
008 221013s1962 ru a||||r|||||000|0|rus||
040 _aAM-YeHGA
041 0 _arus
100 1 _aМейнстер, П. Г.
245 1 0 _aОпределение механических свойств полимерных материалов /
_cП. Г. Мейнстер, А. Д. Курицина ; Государственный комитет Совета Министров СССР по автоматизации и машиностроению.
260 _aМосква :
_bЦИНТИ по автоматизации и машиностроению,
_c1962.
300 _a28 с. :
_bчерт. ;
_c22 см.
490 0 _a[IX серия "Новые материалы в машиностроении"] / Институт машиноведения
650 1 4 _aПолимеры
_xФизико-механические свойства
_vОпределение
700 1 _aКурицина, А. Д.
710 2 _aСССР.
_bГосударственный комитет Совета Министров по автоматизации и машиностроению.
942 _2udc
_cBK
001 1828249
090 _c568387
999 _c529901
_d529901